सचित्र प्राथमिक हिंदी शब्दकोष / (Record no. 118480)
[ view plain ]
| 000 -LEADER | |
|---|---|
| fixed length control field | 01171nam a22002657a 4500 |
| 005 - DATE AND TIME OF LATEST TRANSACTION | |
| control field | 20170124103114.0 |
| 010 ## - LIBRARY OF CONGRESS CONTROL NUMBER | |
| LC control number | A-498593 |
| 020 ## - INTERNATIONAL STANDARD BOOK NUMBER | |
| Terms of availability | 60.00 |
| 035 ## - SYSTEM CONTROL NUMBER | |
| System control number | A-498593 |
| 037 ## - SOURCE OF ACQUISITION | |
| Source of stock number/acquisition | Cen Lib/Ret |
| 040 ## - CATALOGING SOURCE | |
| Original cataloging agency | DPL |
| Language of cataloging | HN |
| 082 ## - DEWEY DECIMAL CLASSIFICATION NUMBER | |
| Classification number | 423 |
| Item number | सचित्र |
| 245 ## - TITLE STATEMENT | |
| Title | सचित्र प्राथमिक हिंदी शब्दकोष / |
| Statement of responsibility, etc | संपादक अमरनाथ शुक्ल |
| 246 ## - VARYING FORM OF TITLE | |
| Title proper/short title | Sachitr prathamik hindi shabdkosh / |
| Remainder of title | sampadak Amarnath Shukal |
| 260 ## - PUBLICATION, DISTRIBUTION, ETC. (IMPRINT) | |
| Place of publication, distribution, etc | दिल्ली |
| Name of publisher, distributor, etc | शुभकामना कला निकेतन |
| Date of publication, distribution, etc | 1990 |
| 270 ## - ADDRESS | |
| City | दिल्ली |
| Address | नवीन शाहदरा |
| Postal code | 110032 |
| 300 ## - PHYSICAL DESCRIPTION | |
| Extent | 259पृ.: |
| Dimensions | 20सेमी(सजिल्द ) |
| Other physical details | सचित्र |
| 500 ## - GENERAL NOTE | |
| General note | परिशिष्ट शामिल |
| 650 ## - SUBJECT ADDED ENTRY--TOPICAL TERM | |
| Topical term or geographic name as entry element | हिन्दी--भाषा |
| General subdivision | |
| Geographic subdivision | |
| 9 (RLIN) | 80392 |
| 650 ## - SUBJECT ADDED ENTRY--TOPICAL TERM | |
| Topical term or geographic name as entry element | हिन्दी--भाषा--शब्दकोष |
| 9 (RLIN) | 43925 |
| 650 ## - SUBJECT ADDED ENTRY--TOPICAL TERM | |
| Topical term or geographic name as entry element | Hindi--language |
| 9 (RLIN) | 9446 |
| 650 ## - SUBJECT ADDED ENTRY--TOPICAL TERM | |
| Topical term or geographic name as entry element | Hindi-- language--Dictionary |
| 9 (RLIN) | 80393 |
| 700 ## - ADDED ENTRY--PERSONAL NAME | |
| Personal name | शुक्ल, अमरनाथ |
| 9 (RLIN) | 80394 |
| 942 ## - ADDED ENTRY ELEMENTS (KOHA) | |
| Source of classification or shelving scheme | Dewey Decimal Classification |
| Koha item type | Hindi Books |
| Classification part | 423 |
| Call number suffix | सचित्र |
| Withdrawn status | Lost status | Damaged status | Not for loan | Home library | Current library | Date acquired | Source of acquisition | Cost, normal purchase price | Total Checkouts | Full call number | Barcode | Date last seen | Copy number | Cost, replacement price | Price effective from | Koha item type |
|---|---|---|---|---|---|---|---|---|---|---|---|---|---|---|---|---|
| Central Library | Central Library | 11/09/2015 | Cen Lib/Ref | 60.00 | 423 सचित्र | A-498593 | 11/09/2015 | 1 | 60.00 | 11/09/2015 | Hindi Books |
